000 00305nam a2200121 a 4500
005 20140414131903.0
008 100921s19uu xx 00 eng d
050 _aFIC
_bD36 1981
100 _aDefoe, Daniel
245 _aRobinson Crusoe.
260 _aNew York :
_bA Bantam Book,
_c1981.
999 _c110761
_d110761